000 00233 a2200097 4500
001 57541
100 _a
245 _aTheory And Problem Of Machine Design
260 _aSinga pore
_bMc graw Hill
_c1980
090 _c35271
_d35271
942 _aNUST-CAE
_cMONOGRAPH
_c28082
999 _c292614
_d292614